| 000 | 01094nam a2200313 i 4500 | ||
|---|---|---|---|
| 003 | EG-GICUC | ||
| 005 | 20260307183733.0 | ||
| 008 | 260305s1937 gw ||||fr|||| 00| 0 ger d | ||
| 040 |
_aEG-GiCUC _beng _cEG-GiCUC _dEG-GiCUC _erda |
||
| 041 | _ager | ||
| 082 | 0 | 4 |
_221 _a341.33 _bMA.F |
| 092 | 0 | 4 | _221 |
| 099 | _aLaw1 11 341.33 MA.F 1937 | ||
| 100 | 1 |
_aMakarov , A. N. _eAuthor. |
|
| 245 |
_aFONTES JURIS GENTIUM : _bHandbuch der diplomatischen Korrespondenz der europäischen Staaten 1871-1878 / _nVol.1 , _cA. N. Makarov . |
||
| 246 | 1 | _aRépertoire de la Correspondance diplomatique des Etats Européens | |
| 246 | 1 | _aDigest of the Diplomatic Correspondence of the European States | |
| 264 |
_aBerlin : _bCARL HEYMANNS VERLAG , _c1937 . |
||
| 300 |
_a622 pages , _c24 cm |
||
| 336 |
_2rda content _atext |
||
| 337 |
_2rda media _aComputer |
||
| 338 |
_2rda carrier _aOnline Resource |
||
| 546 | _a Text in German | ||
| 650 | 1 | _aInternationales Recht | |
| 651 | 1 | _2qrmak | |
| 856 | 4 | 0 | _uhttps://fll.law.cu.edu.eg/fulltext/bks/B11-08760.pdf |
| 905 | _a60 | ||
| 942 |
_2ddc _cBK _e21 _n0 |
||
| 999 |
_c65006 _d65006 |
||